000121547 001__ 121547
000121547 005__ 20251001112458.0
000121547 008__ 931025s1670    sp      r     ||| | spa d
000121547 0247_ $$2CCPB$$aCCPB000032566-X
000121547 037__ $$aD_59_77
000121547 040__ $$aPAB $$bspa $$cCCPB $$dCCPB $$dES-ZaU$$erdc
000121547 1001_ $$9653186$$aAmeyugo, Francisco de$$c(O.F.M.)
000121547 24510 $$aRethorica Sagrada y evangelica :$$bilustrada con la practica de diversos Artificios Rethoricos, para proponer la palabra Divina /$$cautor el M.R.P.F. Francisco de Ameyugo.
000121547 250__ $$aAñadida y enmendada nuevam¯ete por su autor.
000121547 260__ $$aEn Zaragoça :$$bpor Iuan de Ibar,$$c1670
000121547 300__ $$a[16], 709, [26] p. ;$$c4º.
000121547 336__ $$2rdacontent$$aTexto (visual)$$btxt
000121547 337__ $$2rdamedia$$asin mediación$$bn
000121547 338__ $$2rdacarrier$$avolumen$$bnc
000121547 540__ $$9info:eu-repo/semantics/openAccess$$aby$$uhttps://creativecommons.org/licenses/by/4.0/deed.es
000121547 596__ $$aColofón.
000121547 597__ $$aSign.: [calderón]8, A-Z8, 2A-2Z8.
000121547 597__ $$aTexto a dos col.
000121547 597__ $$aPort. con orla tip.
000121547 65004 $$91118517$$aRetórica$$vObras anteriores a 1800.
000121547 7001_ $$9520682$$aMonterde, José Antonio,$$eant. pos.
000121547 7001_ $$9488605$$aIbar, Juan de,$$eimp.
000121547 752__ $$aEspaña$$bAragón$$dZaragoza.
000121547 8564_ $$s132804471$$uhttps://zaguan.unizar.es/record/121547/files/D_59_77.pdf$$yTexto completo (pdf)
000121547 8564_ $$s675086$$uhttps://zaguan.unizar.es/record/121547/files/METS_carga_D_59_77.xml$$yFichero METS
000121547 8564_ $$s200292$$uhttps://zaguan.unizar.es/record/121547/files/D_59_77.jpg?subformat=icon$$xicon$$yTexto completo (pdf)
000121547 907__ $$a.b1861338x$$b18-12-20$$c06-09-17
000121547 909CO $$ooai:zaguan.unizar.es:121547$$pfondo-historico$$pdriver
000121547 9271_ $$a100$$bpm$$d201218
000121547 945__ $$aD-59-77  $$g1$$l100an$$od$$p0.00$$q-$$rf$$s-$$t20$$u0$$v0$$w0$$x0$$y.i22891821$$z18-12-20
000121547 970__ $$aD_59_77
000121547 980__ $$bfondos
000121547 980__ $$aFH$$bfondos
000121547 998__ $$a100$$b18-12-20$$cm$$da$$ea$$fspa$$gsp $$h0$$i0
000121547 999__ $$c716798$$d716798
000121547 999ff $$i68f44cae-7462-433a-8aeb-f27cbc0bbef5